Slavatovský palác : projekty hraběte Jana Jáchyma Slavaty z let 1673-1689 /

Další autoři: Mádl, Martin, 1967-, Heisslerová, Radka, 1980-, Kadlec, Tadeáš, 1992-
Jazyk: Němčina
Latina
Čeština
Vydáno: Praha : Artefactum, Ústav dějin umění AV ČR, v.v.i., 2022
Vydání: Vydání první
Témata:
Fyzický popis: 432 stran : ilustrace (některé barevné), portréty, plány, faksimile ; 29 cm
Language note: Částečně latinský a německý text, anglické resumé
Knihy
Uloženo v:
LEADER 03090nam a2200769 i 4500
001 nkc20243588431
003 CZ PrNK
005 20240402084413.0
007 ta
008 240212s2022 xr acehf 001 0dcze
015 |a cnb003588431 
020 |a 978-80-88283-76-8  |q (vázáno) 
035 |a (OCoLC)1433646530 
040 |a BOA001  |b cze  |d ABA001  |e rda 
041 0 |a cze  |a ger  |a lat  |b eng 
043 |a e-xr---  |b e-xr-pg  |2 czenas 
045 |a u7u8 
072 7 |a 72  |x Architektura  |2 Konspekt  |9 21 
080 |a 929.7  |2 MRF 
080 |a 725.17  |2 MRF 
080 |a 72:904  |2 MRF 
080 |a 72.012.1  |2 MRF 
080 |a 72/76.05  |2 MRF 
080 |a 7.034.7  |2 MRF 
080 |a (437.311)  |2 MRF 
080 |a (048.8:082)  |2 MRF 
245 0 0 |a Slavatovský palác :  |b projekty hraběte Jana Jáchyma Slavaty z let 1673-1689 /  |c Martin Mádl, Radka Heisslerová, Tadeáš Kadlec (edd.) 
250 |a Vydání první 
264 1 |a Praha :  |b Artefactum, Ústav dějin umění AV ČR, v.v.i.,  |c 2022 
300 |a 432 stran :  |b ilustrace (některé barevné), portréty, plány, faksimile ;  |c 29 cm 
336 |a text  |b txt  |2 rdacontent 
336 |a statický obraz  |b sti  |2 rdacontent 
337 |a bez média  |b n  |2 rdamedia 
338 |a svazek  |b nc  |2 rdacarrier 
504 |a Obsahuje bibliografii, bibliografické odkazy a rejstříky 
546 |a Částečně latinský a německý text, anglické resumé 
600 1 7 |a Slavata z Chlumu a Košumberka, Jan Jiří Jáchym,  |c hrabě,  |d 1638-1689  |7 jn20011024237  |2 czenas 
610 2 7 |a Palác pánů z Hradce (Praha, Česko)  |7 mzk20241217878  |2 czenas 
648 4 |a 1673-1689 
648 7 |a 17. století  |7 ch460555  |2 czenas 
650 0 7 |a šlechtici  |7 ph127824  |z Česko  |y 17. století  |2 czenas 
650 0 7 |a paláce  |7 ph123916  |z Česko  |2 czenas 
650 0 7 |a paláce  |7 ph123916  |x dějiny  |2 czenas 
650 0 7 |a architektonické památky  |7 ph118585  |z Česko  |2 czenas 
650 0 7 |a architektonické projekty  |7 ph137760  |z Česko  |y 17. století  |2 czenas 
650 0 7 |a umělecká výzdoba  |7 ph136757  |z Česko  |2 czenas 
650 0 7 |a barokní umění  |7 ph118765  |z Česko  |2 czenas 
650 0 9 |a noblemen  |z Czechia  |y 17th century  |2 eczenas 
650 0 9 |a palaces  |z Czechia  |2 eczenas 
650 0 9 |a palaces  |x history  |2 eczenas 
650 0 9 |a architectural monuments  |z Czechia  |2 eczenas 
650 0 9 |a architectural projects  |z Czechia  |y 17th century  |2 eczenas 
650 0 9 |a artistic decoration  |z Czechia  |2 eczenas 
650 0 9 |a baroque art  |z Czechia  |2 eczenas 
651 7 |a Praha (Česko)  |7 ge118011  |2 czenas 
651 9 |a Prague (Czechia)  |2 eczenas 
655 7 |a kolektivní monografie  |7 fd501537  |2 czenas 
655 9 |a collective monographs  |2 eczenas 
700 1 |a Mádl, Martin,  |d 1967-  |7 js20011212179  |4 edt 
700 1 |a Heisslerová, Radka,  |d 1980-  |7 mzk2009517594  |4 edt 
700 1 |a Kadlec, Tadeáš,  |d 1992-  |7 xx0264869  |4 edt 
910 2 |a BOA001  |b 4-1519.853 
928 9 |a Ústav dějin umění AV ČR 
990 |a BK 
995 |a 01 
991 |b 202402  |c NOV 
996 6 |b 2610961485  |c 4-1519.853  |l MZK  |r Sklad / do 1 hodiny  |n 1  |p p.v.  |w 001954097  |u 000010  |a 1  |e BOA001  |j MZK50  |s P